Valko-Venäjää lähimmät maat - Statistics

Yleistilastot
  • Tätä visaa on pelattu 26 kertaa
  • Keskiarvotulos 18 / 20
Vastaustilastot
km maa % Oikein
0 Latvia
100%
0 Liettua
100%
0 Puola
100%
0 Ukraina
100%
0 Venäjä
100%
157 Viro
100%
571 Saksa
96%
267 Slovakia
96%
515 Ruotsi
92%
470 Suomi
92%
395 Tšekki
88%
740 Slovenia
84%
357 Unkari
84%
365 Romania
80%
568 Itävalta
76%
715 Kroatia
76%
337 Moldova
76%
646 Serbia
76%
544 Tanska
76%
801 Bosnia ja Hertsegovina
64%
Ehtoja vastaavia visoja ei löytynyt
Tulosjakauma
Jokaisen tuloksen saaneiden osuus
Persentiili vastausten määrän mukaan
Tuloshistoriasi
Et ole pelannut tätä visaa